Bibliography on the political and administrative history of Vietnam, 1802-1962, (Record no. 59905)

MARC details
000 -LEADER
fixed length control field 00813cam a22002291 4500
001 - CONTROL NUMBER
control field sa 64006829
003 - CONTROL NUMBER IDENTIFIER
control field DLC
005 - DATE AND TIME OF LATEST TRANSACTION
control field 20260227112042.0
008 - FIXED-LENGTH DATA ELEMENTS--GENERAL INFORMATION
fixed length control field 800708s1964 vm 000 0 eng
010 ## - LIBRARY OF CONGRESS CONTROL NUMBER
LC control number sa 64006829
035 ## - SYSTEM CONTROL NUMBER
System control number (OCoLC)6498086
040 ## - CATALOGING SOURCE
Original cataloging agency DLC
Transcribing agency KU
Modifying agency DLC
042 ## - AUTHENTICATION CODE
Authentication code premarc
050 00 - LIBRARY OF CONGRESS CALL NUMBER
Classification number Z3228.V5
Item number J8 1964
100 1# - MAIN ENTRY--PERSONAL NAME
Personal name Jumper, Roy.
245 10 - TITLE STATEMENT
Title Bibliography on the political and administrative history of Vietnam, 1802-1962,
Statement of responsibility, etc. selected and annotated [by] Roy Jumper.
260 ## - PUBLICATION, DISTRIBUTION, ETC.
Place of publication, distribution, etc. [Saigon]
Name of publisher, distributor, etc. Michigan State University, Vietnam Advisory Group,
Date of publication, distribution, etc. [1964]
300 ## - PHYSICAL DESCRIPTION
Extent viii, 115 p.
Dimensions 23 cm.
500 ## - GENERAL NOTE
General note "Agency for International Development contract ICA c1126."
651 #0 - SUBJECT ADDED ENTRY--GEOGRAPHIC NAME
Geographic name Vietnam
General subdivision History
Form subdivision Bibliography.
710 2# - ADDED ENTRY--CORPORATE NAME
Corporate name or jurisdiction name as entry element Michigan State University.
Subordinate unit Vietnam Advisory Group, Saigon.

No items available.

Powered by Koha